000 00776 a2200205 4500
005 20080924110523.0
008 080924t xxu||||| |||| 00| 0 eng d
010 _aENG-87834
020 _a0195693035
_c345.00
035 _aEN-71367
037 _bD.B.Act / Pub
082 _a327
100 _aNayar, Baldev Raj
245 _aThe geopolitics of globalization
_cBy Baldev Raj Nayar
_bthe consequences for development
260 _aNew Delhi
_bOxford University Press
_c2007
300 _axii, 301 p.
_c22 cm. (Pbk.)
500 _aIncludes bibliograpgical references and index
942 _adpl
_cEN
_k327 / NAY
_2ddc
_h327
_mNAY
999 _c7094
_d7094